[Event "IX MIEDZYNARODOWY TURNIEJ SZACHOWY - GORA SW. ANNY 2016 - Open A"]
[Site "Gora Sw. Anny"]
[Date "1899-12-30"]
[Round "1.2"]
[White "Kanicki, Krzysztof"]
[Black "Kovalev, Vladislav"]
[Result "0-1"]
[WhiteTitle "k"]
[BlackTitle "GM"]
[WhiteElo "2178"]
[BlackElo "2558"]

1. e4 e5 2. Nf3 Nc6 3. Bb5 a6 4. Ba4 Nf6 5. O-O Be7 6. Re1 b5 7. Bb3 d6 8. c3 O-O
9. h3 Nd7 10. d4 Bf6 11. d5 Ne7 12. a4 Rb8 13. axb5 axb5 14. Nbd2 Ng6 15. Nf1
h6 16. Ng3 Bg5 17. Nxg5 hxg5 18. Be3 Nf4 19. Qd2 g6 20. Ra7 Kg7 21. c4 Nc5 22.
Bxc5 dxc5 23. Qc3 Qd6 24. cxb5 Rxb5 25. Rc1 Rb4 26. Bc4 Bd7 27. Bf1 Bb5 28. Bxb5
Rxb5 29. Ra5 Rfb8 30. Rc2 c6 31. Rxb5 Rxb5 32. dxc6 f6 33. Kh2 Ne6 34. Qc4 Qxc6
35. Ne2 Qd7 36. Rd2 Nd4 37. Nc3 Rb7 38. Nd5 Qb5 39. Qxb5 Rxb5 40. f3 Kf7 41. Kg3
f5 42. Kf2 Rb3 43. Nc3 Ke6 44. Ne2 Kd6 45. Nc1 Rb7 46. Ke3 c4 47. Ne2 f4+ 48.
Kf2 Kc5 49. Ke1 Ra7 50. Kf2 Ra1 51. Nc3 Kb4 52. Nd1 Kb3 53. Ke1 Rb1 54. Kf2 Rxd1
55. Rxd1 Kxb2 56. Rh1 c3 57. Ke1 Kc2 58. h4 gxh4 59. Rxh4 Kd3 60. Rh8 c2 0-1

[Event "IX MIEDZYNARODOWY TURNIEJ SZACHOWY - GORA SW. ANNY 2016 - Open A"]
[Site "Gora Sw. Anny"]
[Date "1899-12-30"]
[Round "1.3"]
[White "Stupak, Kirill"]
[Black "Teclaf, Pawel"]
[Result "1/2-1/2"]
[WhiteTitle "GM"]
[BlackTitle "CM"]
[WhiteElo "2537"]
[BlackElo "2170"]

1. d4 Nf6 2. g3 d5 3. Nf3 c6 4. Bg2 Bf5 5. O-O e6 6. c4 Nbd7 7. Nc3 h6 8. Qb3 Qb6
9. c5 Qa6 10. Bf4 b6 11. cxb6 axb6 12. Ne5 Nxe5 13. dxe5 Nd7 14. e4 Nc5 15. Qc2
dxe4 16. Nxe4 Rc8 17. Be3 Be7 18. Bxc5 Bxc5 19. Rfd1 Qa7 20. Qc3 Bxe4 21. Bxe4
O-O 22. b4 Be7 23. a4 c5 24. b5 Rfd8 25. Rxd8+ Rxd8 26. a5 bxa5 27. Rxa5 Qb6 28.
Bc6 c4 29. Ra2 Qc5 30. Rc2 1/2-1/2

[Event "IX MIEDZYNARODOWY TURNIEJ SZACHOWY - GORA SW. ANNY 2016 - Open A"]
[Site "Gora Sw. Anny"]
[Date "1899-12-30"]
[Round "1.4"]
[White "Kowalski, Igor"]
[Black "Kantans, Toms"]
[Result "0-1"]
[WhiteTitle "k"]
[BlackTitle "IM"]
[WhiteElo "2121"]
[BlackElo "2513"]

1. e4 c5 2. Nf3 Nf6 3. e5 Nd5 4. c4 Nc7 5. Nc3 Nc6 6. d3 g6 7. Be3 Ne6 8. h4 Bg7
9. Ng5 Bxe5 10. Nxe6 dxe6 11. Qd2 b6 12. h5 Bb7 13. Ne4 Qd7 14. Ng5 f5 15. O-O-O
Bf6 16. Be2 h6 17. Nh3 g5 18. f4 g4 19. Nf2 O-O-O 20. Rde1 e5 21. Bd1 g3 22. Nh3
Nb4 23. Bc2 e4 24. dxe4 Bxb2+ 25. Kxb2 Qxd2 26. Bxd2 Rxd2 0-1

[Event "IX MIEDZYNARODOWY TURNIEJ SZACHOWY - GORA SW. ANNY 2016 - Open A"]
[Site "Gora Sw. Anny"]
[Date "1899-12-30"]
[Round "1.5"]
[White "Kislinsky, Alexey"]
[Black "Kokoszczynski, Jan"]
[Result "1/2-1/2"]
[WhiteTitle "GM"]
[BlackTitle "k"]
[WhiteElo "2475"]
[BlackElo "2121"]

1. e4 c5 2. c3 d5 3. exd5 Qxd5 4. d4 Nf6 5. Nf3 Bg4 6. dxc5 Qxc5 7. h3 Bh5 8. Na3
Nbd7 9. Be3 Qc8 10. g4 Bg6 11. g5 Ne4 12. Bb5 a6 13. Bxd7+ Qxd7 14. Qxd7+ Kxd7
15. Ne5+ Ke8 16. Nxg6 hxg6 17. O-O-O Rc8 18. Nc2 e6 19. h4 Bc5 20. Bxc5 Rxc5 21.
Rd4 Nxf2 22. Rf1 e5 23. Re1 Ke7 24. b4 Rc6 25. Rxe5+ Re6 26. Rc5 Rc6 27. Rxc6
bxc6 28. Kd2 f5 29. gxf6+ gxf6 30. Ke3 Nh3 31. Rc4 Kd7 32. Rd4+ Ke6 33. Rg4 g5
34. Nd4+ Kd5 35. hxg5 Nxg5 36. Nf5 Rh3+ 37. Ng3 Ne6 38. Kd2 Rh2+ 39. Kd3 Rxa2
40. Re4 a5 41. Rh4 axb4 42. Rxb4 c5 43. Rh4 c4+ 44. Ke3 Rc2 45. Rh5+ Ng5 46. Ke4+
1/2-1/2

[Event "IX MIEDZYNARODOWY TURNIEJ SZACHOWY - GORA SW. ANNY 2016 - Open A"]
[Site "Gora Sw. Anny"]
[Date "1899-12-30"]
[Round "1.6"]
[White "Smieszek, Wojciech"]
[Black "Gajek, Radoslaw"]
[Result "1/2-1/2"]
[WhiteTitle "k"]
[BlackTitle "IM"]
[WhiteElo "2109"]
[BlackElo "2432"]

1. e4 c5 2. Nf3 e6 3. d4 cxd4 4. Nxd4 a6 5. Bd3 Nf6 6. O-O Qc7 7. Nc3 Nc6 8. Be3
Be7 9. f4 d6 10. Qf3 Bd7 11. Rae1 O-O 12. Nxc6 Bxc6 13. Qh3 Rfd8 14. e5 dxe5 15.
fxe5 Qxe5 16. Bb6 Bc5+ 17. Kh1 Qxe1 18. Rxe1 Bxb6 19. Qg3 Rac8 20. Rf1 Bd4 21.
Ne2 Bxb2 22. Nf4 Be4 23. Bxe4 Nxe4 24. Qe3 Nd2 25. Rd1 Nc4 26. Qe2 Rxd1+ 27. Qxd1
Bf6 28. Qf3 Nd6 29. Qd3 Be5 30. g3 g6 31. Qe3 Bf6 32. Qd3 Nf5 33. a4 Rc3 34. Qd2
Ra3 35. a5 Ne3 36. Kg1 Ra1+ 37. Kf2 Rd1 38. Qb4 Nxc2 39. Qxb7 Rd2+ 40. Kf1 Ne3+
41. Ke1 Ra2 42. Qb8+ Kg7 43. Nxe6+ fxe6 44. Qa7+ Kf8 45. Qxe3 Rxa5 46. Qa7 Be7
47. Qd4 Kf7 48. g4 h5 49. Qf4+ Kg7 50. Qc7 Ra1+ 51. Ke2 Ra2+ 52. Kd3 Ra3+ 53.
Ke4 Kf7 54. Qf4+ Bf6 55. Qc7+ Be7 1/2-1/2

[Event "IX MIEDZYNARODOWY TURNIEJ SZACHOWY - GORA SW. ANNY 2016 - Open A"]
[Site "Gora Sw. Anny"]
[Date "1899-12-30"]
[Round "1.7"]
[White "Dobrowolski, Piotr"]
[Black "Zylka, Stanislaw"]
[Result "0-1"]
[WhiteTitle "IM"]
[BlackTitle "k"]
[WhiteElo "2430"]
[BlackElo "2080"]

1. e4 e5 2. Nf3 Nc6 3. Bb5 a6 4. Ba4 Nf6 5. d3 b5 6. Bb3 Bc5 7. O-O d6 8. c3 O-O
9. Re1 Bb7 10. Nbd2 Bb6 11. Nf1 d5 12. exd5 Nxd5 13. Ng3 Qd6 14. Nf5 Qd7 15. N3h4
Kh8 16. Bg5 f6 17. Qf3 Bxf2+ 18. Kh1 fxg5 19. Ng6+ hxg6 20. Qh3+ Bh4 21. Nxh4
Qxh3 22. Nxg6+ Kh7 23. Nxf8+ Rxf8 24. gxh3 Nf4 25. Kg1 Nd4 0-1

[Event "IX MIEDZYNARODOWY TURNIEJ SZACHOWY - GORA SW. ANNY 2016 - Open A"]
[Site "Gora Sw. Anny"]
[Date "1899-12-30"]
[Round "1.8"]
[White "Smal, Tobiasz"]
[Black "Kowalczyk, Pawel"]
[Result "1/2-1/2"]
[WhiteTitle "k"]
[BlackTitle "I++"]
[WhiteElo "2006"]
[BlackElo "2371"]

1. e4 c5 2. Nf3 e6 3. d4 cxd4 4. Nxd4 Qb6 5. Nb3 Qc7 6. Be3 Nf6 7. Bd3 d5 8. N1d2
Bd6 9. c4 Nc6 10. cxd5 11. exd5 12. Rc1 Bg4 13. Qc2 Rc8 14. h3 Nb4 15. Bb5+ Bd7
16. Bxd7+ Kxd7 17. Qb1 Qxc1+ 18. Nxc1 Rxc1+ 19. Qxc1 Nd3+ 20. Ke2 Nxc1+ 21. Rxc1
dxe4 22. Bg5 Re8 23. Rc4 Nd5 24. Rxe4 Rxe4+ 25. Nxe4 Be5 26. Nc5+ Kc6 27. Nd3
Bd4 28. Kf3 f5 29. Be3 Nxe3 30. fxe3 Bf6 31. e4 fxe4+ 32. Kxe4 a5 33. a4 b5 34.
axb5+ Kxb5 35. b3 Kc6 36. Nf4 Kd6 37. Nd3 Bc3 38. Nf4 Bd2 39. Nd3 Ke6 40. Nc5+
Kf6 41. Nd7+ Kg5 42. Ne5 Bc3 43. Nf3+ Kf6 44. Kd3 Bb4 45. Ke4 Bd6 46. Kd5 Bb4
47. Ke4 g6 48. Kf4 Bd6+ 49. Ke4 Bg3 50. Nd4 h5 51. Nc6 Be1 52. Ne5 Bg3 53. Nc6
Bc7 54. Nd4 Bb6 55. Nc6 Bc7 56. Nd4 Bd8 57. Nc6 Bb6 58. Ne5 Bc7 59. Nc6 1/2-1/2

[Event "IX MIEDZYNARODOWY TURNIEJ SZACHOWY - GORA SW. ANNY 2016 - Open A"]
[Site "Gora Sw. Anny"]
[Date "1899-12-30"]
[Round "1.9"]
[White "Kocheev, Aleksandr"]
[Black "Praczukowski, Stanislaw"]
[Result "1/2-1/2"]
[WhiteTitle "m"]
[BlackTitle "I++"]
[WhiteElo "2360"]
[BlackElo "2003"]

1. e4 e6 2. Qe2 c5 3. f4 Nc6 4. Nf3 Nf6 5. g3 Be7 6. Bg2 O-O 7. O-O d5 8. e5 Nd7
9. d3 b5 10. a4 b4 11. b3 Ba6 12. Bb2 Rc8 13. f5 c4 14. fxe6 fxe6 15. bxc4 dxc4
16. Bh3 Qb6+ 17. Kh1 Nd8 18. Bd4 cxd3 19. cxd3 Bc5 20. Bb2 Be7 21. Bd4 Bc5 22.
Bb2 Be7 23. Bd4 Nc5 1/2-1/2

[Event "IX MIEDZYNARODOWY TURNIEJ SZACHOWY - GORA SW. ANNY 2016 - Open A"]
[Site "Gora Sw. Anny"]
[Date "1899-12-30"]
[Round "1.10"]
[White "Domanski, Lukasz"]
[Black "Hnydiuk, Aleksander"]
[Result "0-1"]
[WhiteTitle "I++"]
[BlackTitle "IM"]
[WhiteElo "1975"]
[BlackElo "2341"]

1. e4 c5 2. Nf3 e6 3. c3 d5 4. exd5 Qxd5 5. d4 Nf6 6. Be3 cxd4 7. cxd4 Bb4+ 8.
Nc3 Bd7 9. Bd3 Bb5 10. O-O Bxc3 11. bxc3 O-O 12. Re1 Nbd7 13. Bg5 Bxd3 14. Qxd3
Rac8 15. Bxf6 Nxf6 16. Ne5 Rfd8 17. a4 Nd7 18. Nxd7 Rxd7 19. Reb1 Rc4 20. Ra3
Rdc7 21. Kf1 Qd6 22. Rab3 b6 23. a5 Qxh2 24. axb6 axb6 25. Rxb6 g6 26. Qe4 Rxc3
27. Rb8+ Kg7 28. R8b7 Qh1+ 29. Ke2 Rc2+ 30. Qxc2 Rxc2+ 31. Kd3 Rc1 0-1

[Event "IX MIEDZYNARODOWY TURNIEJ SZACHOWY - GORA SW. ANNY 2016 - Open A"]
[Site "Gora Sw. Anny"]
[Date "1899-12-30"]
[Round "1.11"]
[White "Licznerski, Lukasz"]
[Black "Chmiel, Piotr"]
[Result "1-0"]
[WhiteTitle "FM"]
[BlackTitle "I+"]
[WhiteElo "2308"]
[BlackElo "1914"]

1. e4 e6 2. d4 d5 3. Nd2 dxe4 4. Nxe4 Nf6 5. Nxf6+ gxf6 6. Nf3 c5 7. Be3 cxd4 8.
Nxd4 Bd7 9. Qh5 Nc6 10. O-O-O Nxd4 11. Rxd4 e5 12. Bc4 Qe7 13. Bxf7+ Kd8 14. Rd3
Kc7 15. Rhd1 Bc6 16. Bd5 Rd8 17. Bxc6 Rxd3 18. Rxd3 bxc6 19. Ra3 1-0

[Event "IX MIEDZYNARODOWY TURNIEJ SZACHOWY - GORA SW. ANNY 2016 - Open A"]
[Site "Gora Sw. Anny"]
[Date "1899-12-30"]
[Round "1.12"]
[White "Czopor, Maciej"]
[Black "Wisniewski, Michal"]
[Result "0-1"]
[WhiteTitle "I+"]
[BlackTitle "k+"]
[WhiteElo "1906"]
[BlackElo "2290"]

1. e4 Nf6 2. e5 Nd5 3. d4 d6 4. c4 Nb6 5. exd6 cxd6 6. Nc3 g6 7. Be2 Bg7 8. Be3
O-O 9. Rc1 Nc6 10. d5 Ne5 11. b3 Ned7 12. Nf3 Nf6 13. O-O e5 14. dxe6 fxe6 15.
Nb5 Ne4 16. Bd3 a6 17. Bxe4 axb5 18. c5 d5 19. Bxg6 hxg6 20. cxb6 e5 21. Rc7 Bg4
22. Qc2 Qf6 23. Nh4 e4 24. g3 g5 25. Ng2 d4 26. Qxe4 Bf3 27. Rxg7+ Qxg7 28. Qxd4
Qxd4 29. Bxd4 Rxa2 30. b4 g4 31. Bc5 Rfa8 32. Nh4 Be2 0-1

[Event "IX MIEDZYNARODOWY TURNIEJ SZACHOWY - GORA SW. ANNY 2016 - Open A"]
[Site "Gora Sw. Anny"]
[Date "1899-12-30"]
[Round "1.13"]
[White "Grela, Kacper"]
[Black "Korpalski, Maciej"]
[Result "1-0"]
[WhiteTitle "FM"]
[BlackTitle "I"]
[WhiteElo "2283"]
[BlackElo "1901"]

1. e4 c5 2. c3 d5 3. exd5 Qxd5 4. d4 Nc6 5. Nf3 Bf5 6. Be2 cxd4 7. cxd4 Bxb1 8.
Rxb1 e6 9. a3 Nf6 10. O-O Be7 11. b4 O-O 12. b5 Na5 13. Qa4 b6 14. Bd2 Qa2 15.
Qd1 Qxa3 16. Ne5 Nd5 17. Bxa5 Qxa5 18. Nc4 Nc3 19. Nxa5 Nxd1 20. Nc6 1-0

[Event "IX MIEDZYNARODOWY TURNIEJ SZACHOWY - GORA SW. ANNY 2016 - Open A"]
[Site "Gora Sw. Anny"]
[Date "1899-12-30"]
[Round "1.14"]
[White "Kalinowska, Zuzanna"]
[Black "Kosakowski, Jakub"]
[Result "0-1"]
[WhiteTitle "k"]
[BlackTitle "k"]
[WhiteElo "1854"]
[BlackElo "2253"]

1. d4 Nf6 2. Nf3 g6 3. e3 Bg7 4. Be2 O-O 5. O-O d5 6. b4 b6 7. Bb2 Bb7 8. Nbd2
Nbd7 9. c4 dxc4 10. Nxc4 Rc8 11. a4 c5 12. dxc5 bxc5 13. b5 Qc7 14. a5 Rfd8 15.
h3 Bd5 16. Qa4 Qb7 17. Bc3 Ne4 18. Bxg7 Kxg7 19. Rfc1 Nd6 20. Nxd6 exd6 21. Rab1
Re8 22. Rb2 Re4 23. Qd1 Rce8 24. Nd2 R4e6 25. Bf3 Ne5 26. Rc3 Nxf3+ 27. Nxf3 Rf6
28. Ne1 Re5 29. f3 Rh5 30. e4 Be6 31. Qd2 c4 32. b6 Rxa5 33. Qxd6 Ra1 34. Kf2
axb6 35. Qxb6 Qxe4 36. Qe3 Qh4+ 37. Kf1 Bxh3 38. gxh3 Rxf3+ 39. Qxf3 Qxe1+ 0-1

[Event "IX MIEDZYNARODOWY TURNIEJ SZACHOWY - GORA SW. ANNY 2016 - Open A"]
[Site "Gora Sw. Anny"]
[Date "1899-12-30"]
[Round "1.15"]
[White "Lizak, Jakub"]
[Black "Janocha, Jan"]
[Result "1-0"]
[WhiteTitle "k"]
[BlackTitle "I"]
[WhiteElo "2247"]
[BlackElo "1744"]

1. e4 e6 2. d3 b6 3. Nf3 d5 4. Nbd2 Bb7 5. g3 Nf6 6. Qe2 Be7 7. Bg2 O-O 8. O-O
c5 9. Re1 Nc6 10. e5 Nd7 11. c3 Qc7 12. Nf1 Rfd8 13. h4 d4 14. c4 a6 15. Bf4 b5
16. b3 Rab8 17. N1h2 Nf8 18. h5 Bc8 19. Ng4 bxc4 20. bxc4 Bd7 21. Ng5 Rb6 22.
Ne4 Qa7 23. Bg5 Bxg5 24. Nxg5 Rdb8 25. h6 Be8 26. hxg7 Kxg7 27. Be4 Ng6 28. f4
Rb2 29. Qf1 h5 30. Nf6 h4 31. Nxe8+ Rxe8 32. Bxc6 hxg3 33. f5 Rh8 34. fxg6 Rf2
35. Re2 Rxf1+ 36. Rxf1 Kxg6 37. Nxf7 Rf8 38. Rg2 Kh5 39. Rxg3 Rxf7 40. Be8 Kh4
41. Rxf7 Qb8 42. Rg2 1-0

[Event "IX MIEDZYNARODOWY TURNIEJ SZACHOWY - GORA SW. ANNY 2016 - Open A"]
[Site "Gora Sw. Anny"]
[Date "1899-12-30"]
[Round "2.1"]
[White "Wisniewski, Michal"]
[Black "Kovchan, Alexander"]
[Result "1/2-1/2"]
[WhiteTitle "k+"]
[BlackTitle "GM"]
[WhiteElo "2290"]
[BlackElo "2596"]

1. e4 d5 2. exd5 Qxd5 3. Nc3 Qd6 4. d4 Nf6 5. Bd3 Nc6 6. Nb5 Qd8 7. Ne2 a6 8. Nbc3
e5 9. Be3 Bb4 10. O-O h6 11. Ne4 Ng4 12. c3 Be7 13. h3 exd4 14. Bxd4 Nge5 15.
Bc2 O-O 16. N4g3 Nxd4 17. Nxd4 g6 18. f4 Bh4 19. Ngf5 Bxf5 20. Nxf5 Qxd1 21. Raxd1
gxf5 22. fxe5 Rad8 23. Rxf5 Rxd1+ 24. Bxd1 Re8 25. Bb3 Re7 26. Kh2 Bg5 27. g3
Bc1 28. Rf2 Be3 29. Rf3 Bc1 30. Rf2 Be3 31. Rf3 Bc1 32. Rf2 1/2-1/2

[Event "IX MIEDZYNARODOWY TURNIEJ SZACHOWY - GORA SW. ANNY 2016 - Open A"]
[Site "Gora Sw. Anny"]
[Date "1899-12-30"]
[Round "2.2"]
[White "Kovalev, Vladislav"]
[Black "Grela, Kacper"]
[Result "1-0"]
[WhiteTitle "GM"]
[BlackTitle "FM"]
[WhiteElo "2558"]
[BlackElo "2283"]

1. e4 c5 2. Nf3 d6 3. Bb5+ Bd7 4. Bxd7+ Qxd7 5. c4 Nf6 6. Nc3 g6 7. d4 cxd4 8.
Nxd4 Bg7 9. f3 O-O 10. Be3 Rc8 11. b3 e6 12. Rc1 a6 13. O-O Qc7 14. Qd2 Nc6 15.
Rfd1 Qa5 16. Nde2 Ne8 17. Na4 Qxd2 18. Rxd2 Rab8 19. Nb6 Rc7 20. Rcd1 Ne5 21.
a4 Nd7 22. a5 Nxb6 23. Bxb6 Rd7 24. f4 Rc8 25. e5 Bf8 26. Nc3 f5 27. Na4 d5 28.
cxd5 Rxd5 29. Rxd5 exd5 30. Rxd5 Nc7 31. Rd7 Ne6 32. Be3 Rc2 33. Kf1 Bb4 34. Rxb7
Bxa5 35. b4 Rc4 36. Nc5 Nd8 37. bxa5 Nxb7 38. Nxb7 Rb4 39. Nd6 Ra4 40. Bd2 Rd4
41. Ke2 Kf8 42. Nb7 Rc4 43. Nc5 1-0

[Event "IX MIEDZYNARODOWY TURNIEJ SZACHOWY - GORA SW. ANNY 2016 - Open A"]
[Site "Gora Sw. Anny"]
[Date "1899-12-30"]
[Round "2.3"]
[White "Kantans, Toms"]
[Black "Kosakowski, Jakub"]
[Result "1-0"]
[WhiteTitle "IM"]
[BlackTitle "k"]
[WhiteElo "2513"]
[BlackElo "2253"]

1. e4 c5 2. Nf3 d6 3. d4 cxd4 4. Nxd4 Nf6 5. Nc3 a6 6. Be3 e5 7. Nb3 Be6 8. f3
Be7 9. Qd2 O-O 10. O-O-O Nbd7 11. g4 b5 12. g5 b4 13. Ne2 Ne8 14. f4 a5 15. f5
Bxb3 16. cxb3 a4 17. bxa4 Rxa4 18. b3 Ra5 19. Kb1 d5 20. exd5 Bc5 21. f6 Nd6 22.
fxg7 Re8 23. Bh3 Qb6 24. Bg1 Ne4 25. Qc2 Rea8 26. a4 bxa3 27. Bxd7 a2+ 28. Ka1
Bxg1 29. Rhxg1 Nc5 30. Rg3 Nxd7 31. d6 Rc5 32. Qf5 Kxg7 33. Qxd7 Rc2 34. Rf1 Rf8
35. g6 1-0

[Event "IX MIEDZYNARODOWY TURNIEJ SZACHOWY - GORA SW. ANNY 2016 - Open A"]
[Site "Gora Sw. Anny"]
[Date "1899-12-30"]
[Round "2.4"]
[White "Hnydiuk, Aleksander"]
[Black "Lizak, Jakub"]
[Result "1-0"]
[WhiteTitle "IM"]
[BlackTitle "k"]
[WhiteElo "2341"]
[BlackElo "2247"]

1. Nf3 Nf6 2. c4 g6 3. g3 Bg7 4. Bg2 d5 5. cxd5 Nxd5 6. d4 Nb6 7. Nc3 Nc6 8. e3
O-O 9. O-O Re8 10. d5 Bxc3 11. dxc6 Bf6 12. Nd4 Rb8 13. Nb5 bxc6 14. Nxa7 Qxd1
15. Rxd1 Bg4 16. Re1 Ra8 17. Nxc6 Ra4 18. e4 Be6 19. e5 Bg7 20. Bg5 Rxa2 21. Rxa2
Bxa2 22. Bxe7 Bd5 23. Bxd5 Nxd5 24. Ba3 h6 25. f4 h5 26. Rd1 Nb6 27. Ne7+ Kh7
28. Rc1 Na8 29. Kf2 Rb8 30. Rc3 Rb5 31. Nc6 Rd5 32. Ke3 Nb6 33. Nd4 Ra5 34. Ke4
Na8 35. Rc6 Ra4 36. Kd3 Kg8 37. Nb5 g5 38. Nc3 Ra7 39. Nd5 gxf4 40. gxf4 Rb7 41.
Ke4 h4 42. Kf5 Bf8 43. Nf6+ Kg7 44. Nh5+ Kg8 45. Bxf8 Kxf8 46. Rh6 Ke7 47. Rh8
1-0

[Event "IX MIEDZYNARODOWY TURNIEJ SZACHOWY - GORA SW. ANNY 2016 - Open A"]
[Site "Gora Sw. Anny"]
[Date "1899-12-30"]
[Round "2.5"]
[White "Zylka, Stanislaw"]
[Black "Licznerski, Lukasz"]
[Result "1/2-1/2"]
[WhiteTitle "k"]
[BlackTitle "FM"]
[WhiteElo "2080"]
[BlackElo "2308"]

1. d4 Nf6 2. Nf3 g6 3. c4 c5 4. Nc3 cxd4 5. Nxd4 Nc6 6. e4 d6 7. Be2 Bg7 8. Be3
O-O 9. O-O Nd7 10. Nc2 Nc5 11. f3 Be6 12. Qd2 Qa5 13. b4 Nxb4 14. Nd5 Nc6 15.
Nxe7+ Kh8 16. Qxd6 Nxe7 17. Qxe7 b6 18. Rfd1 Qa4 19. Nd4 Bxc4 20. Bxc4 Qxc4 21.
a4 Nb3 22. Nxb3 Qxb3 23. Qa3 Qe6 24. Bd4 Rfd8 25. Qb2 Rxd4 26. Rxd4 h5 27. Rad1
Kh7 28. Qf2 Bxd4 29. Qxd4 Rc8 30. Qd7 Rc1 31. Qd2 Rxd1+ 32. Qxd1 Qc4 33. Qd7 a6
34. e5 Kg7 35. Qd6 Qxa4 36. Qf6+ Kg8 37. Qd8+ Kh7 38. Qxb6 Qa2 39. Kf1 a5 40.
e6 Qa1+ 41. Kf2 fxe6 42. Qxe6 Qd4+ 43. Ke2 a4 44. Qe7+ Qg7 45. Qc5 Qd7 46. h3
Kg7 47. g4 h4 48. Qe5+ Kf7 49. Qf4+ Kg7 50. Qe5+ Kg8 51. Qf6 Qb5+ 52. Kd2 g5 53.
Kc1 Qd5 54. Kb2 Qb5+ 55. Ka2 Qc4+ 56. Ka1 Qd5 57. Kb2 Qb5+ 58. Ka2 Qb3+ 59. Ka1
Qa3+ 60. Kb1 Qb3+ 61. Ka1 Qe3 62. Ka2 Qb3+ 1/2-1/2

[Event "IX MIEDZYNARODOWY TURNIEJ SZACHOWY - GORA SW. ANNY 2016 - Open A"]
[Site "Gora Sw. Anny"]
[Date "1899-12-30"]
[Round "2.6"]
[White "Kokoszczynski, Jan"]
[Black "Stupak, Kirill"]
[Result "0-1"]
[WhiteTitle "k"]
[BlackTitle "GM"]
[WhiteElo "2121"]
[BlackElo "2537"]

1. e4 c6 2. d4 d5 3. exd5 cxd5 4. Bd3 Nc6 5. c3 Nf6 6. h3 g6 7. Nf3 Bg7 8. Bf4
O-O 9. O-O a6 10. Nbd2 Nd7 11. Re1 b5 12. a4 b4 13. Qb3 e6 14. Nf1 Qb6 15. Ne3
Bb7 16. Rab1 Rfc8 17. Ng4 Rf8 18. h4 a5 19. Bb5 Nf6 20. Nge5 Rfc8 21. Nd3 Na7
22. cxb4 Nxb5 23. bxa5 Rxa5 24. Bd2 Ra6 25. axb5 Ne4 26. Bc3 Raa8 27. Nfe5 Ba6
28. f3 Nd6 29. Nc5 Qxb5 30. Qxb5 Bxb5 31. Kf2 Be8 32. Ra1 Nb5 33. f4 Bf8 34. Ned3
Nd6 35. Kf3 Bb5 36. Ne5 Nf5 37. Rxa8 Rxa8 38. g4 Nxh4+ 39. Kg3 Be7 40. Rh1 g5
41. fxg5 Ng6 42. Nxg6 hxg6 43. Kf4 Kg7 44. b3 Ra2 45. Ra1 Rf2+ 46. Ke5 Re2+ 47.
Kf4 e5+ 0-1

[Event "IX MIEDZYNARODOWY TURNIEJ SZACHOWY - GORA SW. ANNY 2016 - Open A"]
[Site "Gora Sw. Anny"]
[Date "1899-12-30"]
[Round "2.7"]
[White "Praczukowski, Stanislaw"]
[Black "Kislinsky, Alexey"]
[Result "0-1"]
[WhiteTitle "I++"]
[BlackTitle "GM"]
[WhiteElo "2003"]
[BlackElo "2475"]

1. e4 c5 2. Nf3 Nc6 3. Bb5 d6 4. d4 cxd4 5. Qxd4 Bd7 6. Qd3 g6 7. c4 Bg7 8. Nc3
Nf6 9. Be3 O-O 10. h3 a6 11. Bxc6 Bxc6 12. Nd4 Rc8 13. O-O Nd7 14. Nxc6 Rxc6 15.
f4 Bxc3 16. Qxc3 b5 17. b3 bxc4 18. bxc4 Qc7 19. Rac1 Rc8 20. Qa3 Nb6 21. Bxb6
Qxb6+ 22. Kh1 Rxc4 23. Rxc4 Rxc4 24. f5 Rxe4 25. Qf3 Re3 26. Qa8+ Kg7 27. Qe8
Qb5 0-1

[Event "IX MIEDZYNARODOWY TURNIEJ SZACHOWY - GORA SW. ANNY 2016 - Open A"]
[Site "Gora Sw. Anny"]
[Date "1899-12-30"]
[Round "2.8"]
[White "Gajek, Radoslaw"]
[Black "Smal, Tobiasz"]
[Result "1-0"]
[WhiteTitle "IM"]
[BlackTitle "k"]
[WhiteElo "2432"]
[BlackElo "2006"]

1. e4 e5 2. Nf3 Nc6 3. Bc4 Nf6 4. d3 Be7 5. O-O O-O 6. Re1 d6 7. c3 a6 8. Bb3 b5
9. Nbd2 Na5 10. Bc2 c5 11. Nf1 Nc6 12. Ng3 g6 13. h3 Re8 14. d4 Bf8 15. Be3 Qc7
16. d5 Na5 17. Nd2 Bg7 18. b4 Nb7 19. Nb3 c4 20. Nd2 a5 21. a4 axb4 22. axb5 Rxa1
23. Qxa1 bxc3 24. Qxc3 Bd7 25. b6 Qb8 26. Nxc4 Rc8 27. Qb4 Bf8 28. Ra1 Be7 29.
Ba4 Nc5 30. Bxd7 Nfxd7 31. Bxc5 Rxc5 32. Ra7 1-0

[Event "IX MIEDZYNARODOWY TURNIEJ SZACHOWY - GORA SW. ANNY 2016 - Open A"]
[Site "Gora Sw. Anny"]
[Date "1899-12-30"]
[Round "2.9"]
[White "Kowalczyk, Pawel"]
[Black "Smieszek, Wojciech"]
[Result "1-0"]
[WhiteTitle "I++"]
[BlackTitle "k"]
[WhiteElo "2371"]
[BlackElo "2109"]

1. d4 Nf6 2. Nf3 c5 3. c4 cxd4 4. Nxd4 Nc6 5. Nc3 g6 6. Nc2 Bg7 7. g3 O-O 8. Bg2
d6 9. O-O Be6 10. b3 Qa5 11. Bb2 Rfd8 12. Nd5 Bxd5 13. cxd5 Ne5 14. Ne3 Rac8 15.
a3 b5 16. h3 Nfd7 17. Ra2 Qb6 18. Nc2 Nf6 19. Kh1 Nh5 20. Kh2 a5 21. f4 Nd7 22.
Nd4 Nb8 23. Qd3 Rc5 24. Rd1 Rdc8 25. e4 b4 26. axb4 axb4 27. Ra8 Nd7 28. Rda1
Nb8 29. R1a2 Qd8 30. Qd2 Rc3 31. Bf3 Qb6 32. Bxh5 Bxd4 33. Bd1 Bg1+ 34. Kg2 Rd3
35. Qe2 Rxd1 36. Ba1 Rdc1 37. Qb2 R1c3 38. Qe2 Re3 39. Qd1 Rxg3+ 40. Kxg3 h5 41.
Kg2 Be3 42. Rc2 Rxc2+ 43. Qxc2 Bd4 44. Qc8+ 1-0

[Event "IX MIEDZYNARODOWY TURNIEJ SZACHOWY - GORA SW. ANNY 2016 - Open A"]
[Site "Gora Sw. Anny"]
[Date "1899-12-30"]
[Round "2.10"]
[White "Teclaf, Pawel"]
[Black "Kocheev, Aleksandr"]
[Result "1/2-1/2"]
[WhiteTitle "CM"]
[BlackTitle "m"]
[WhiteElo "2170"]
[BlackElo "2360"]

1. e4 e5 2. Nf3 Nc6 3. Bb5 Nf6 4. O-O Nxe4 5. d4 Nd6 6. Bxc6 dxc6 7. dxe5 Nf5 8.
Qxd8+ Kxd8 9. Nc3 Ke8 10. b3 Be7 11. Bb2 Be6 12. Ne4 h5 13. Nfg5 Rh6 14. c4 Bc8
15. Rfe1 Rg6 16. f4 a5 17. Nf6+ gxf6 18. exf6 Be6 19. fxe7 Kxe7 20. Re5 Rag8 21.
Rae1 Kd7 22. Rxa5 b6 23. Rae5 Nd6 24. Kf2 h4 25. a4 Bf5 26. Re7+ Kd8 27. g3 hxg3+
28. hxg3 Be6 29. R7xe6 fxe6 30. Nxe6+ Kd7 31. Ng5 Rf8 32. Nf3 Re6 33. Ne5+ Kc8
34. Rh1 Ne4+ 35. Kf3 Nd2+ 36. Ke3 Nxb3 37. g4 Na5 38. Kf3 Nb7 39. g5 Nd6 40. g6
Nf5 41. Rh7 Kb7 42. Rf7 Nh4+ 43. Kf2 Nxg6 44. f5 Rxe5 45. Rxf8 Nxf8 46. Bxe5 b5
47. axb5 cxb5 48. cxb5 Kb6 49. Ke3 Kxb5 50. Bxc7 Kc6 1/2-1/2

[Event "IX MIEDZYNARODOWY TURNIEJ SZACHOWY - GORA SW. ANNY 2016 - Open A"]
[Site "Gora Sw. Anny"]
[Date "1899-12-30"]
[Round "2.11"]
[White "Chmiel, Piotr"]
[Black "Dobrowolski, Piotr"]
[Result "0-1"]
[WhiteTitle "I+"]
[BlackTitle "IM"]
[WhiteElo "1914"]
[BlackElo "2430"]

1. d4 Nf6 2. c4 e6 3. g3 c5 4. d5 exd5 5. cxd5 b5 6. Bg2 d6 7. a4 b4 8. e4 Nbd7
9. Nd2 Ba6 10. Bf1 Bxf1 11. Kxf1 Be7 12. Kg2 O-O 13. f4 c4 14. Nxc4 Nxe4 15. Nf3
Bf6 16. Qe1 Ndc5 17. Qxb4 Rb8 18. Qa3 Qc8 19. Re1 Qa6 20. Nfd2 Nxd2 21. Nxd2 Nd3
0-1

[Event "IX MIEDZYNARODOWY TURNIEJ SZACHOWY - GORA SW. ANNY 2016 - Open A"]
[Site "Gora Sw. Anny"]
[Date "1899-12-30"]
[Round "2.12"]
[White "Piotrowski, Przemyslaw"]
[Black "Czopor, Maciej"]
[Result "1/2-1/2"]
[WhiteTitle "k"]
[BlackTitle "I+"]
[WhiteElo "2205"]
[BlackElo "1906"]

1. d4 Nf6 2. Nf3 e6 3. g3 d5 4. Bg2 c5 5. O-O Nc6 6. c4 Be7 7. cxd5 exd5 8. Nc3
O-O 9. b3 Be6 10. Bb2 Rc8 11. Rc1 cxd4 12. Nb5 Qa5 13. a4 Ne4 14. Nbxd4 Nb4 15.
Nxe6 Rxc1 16. Qxc1 fxe6 17. Nd4 e5 18. Ne6 Rf6 19. Qc8+ Kf7 20. Bxe4 Rxe6 21.
Bf5 Rc6 22. Qh8 Qd8 23. Qxd8 Bxd8 24. Bxe5 g6 25. Bb1 Bf6 26. Bxf6 Kxf6 27. e4
Rc3 28. exd5 Rxb3 29. Rd1 Ke7 30. d6+ Kd7 31. Be4 Nc6 32. Bg2 Ne5 33. Bh3+ Kd8
34. Rc1 Nc6 35. d7 Rb4 36. a5 Ra4 37. Re1 Kc7 38. Re8 Nd8 39. Re5 Nc6 40. Re8
Nd8 41. Re7 Rxa5 42. Rxh7 b5 43. Kg2 b4 44. Rh4 Rb5 45. Rc4+ Kd6 46. Rd4+ Kc7
47. Rc4+ Kd6 1/2-1/2

[Event "IX MIEDZYNARODOWY TURNIEJ SZACHOWY - GORA SW. ANNY 2016 - Open A"]
[Site "Gora Sw. Anny"]
[Date "1899-12-30"]
[Round "2.13"]
[White "Korpalski, Maciej"]
[Black "Kanicki, Krzysztof"]
[Result "0-1"]
[WhiteTitle "I"]
[BlackTitle "k"]
[WhiteElo "1901"]
[BlackElo "2178"]

1. e4 c5 2. Nf3 d6 3. d4 cxd4 4. Nxd4 Nf6 5. Nc3 a6 6. Be3 e6 7. f3 b5 8. g4 h6
9. Qd2 Nbd7 10. O-O-O Bb7 11. a3 d5 12. exd5 Nxd5 13. Nxd5 Bxd5 14. Be2 Qc7 15.
Rhe1 Ne5 16. Bf4 Bd6 17. Bxb5+ Kf8 18. Be2 Nd3+ 19. Qxd3 Bxf4+ 20. Kb1 Ke7 21.
Nf5+ Kf6 22. Ng3 g6 23. Ne4+ Ke7 24. c4 Bc6 25. h4 Rhb8 26. Qd4 Rxb2+ 27. Qxb2
Rb8 28. Bd3 Ba4 29. Bc2 Be5 30. Qb4+ Rxb4+ 31. axb4 Bxc2+ 32. Kxc2 Qxc4+ 33. Kd2
Bf4+ 0-1